000
00299nam a2200145Ia 4500
100
_a
Korth/ H.F.
250
_a
3
942
_c
BK
654
_a
Database
245
_a
Database Systems Concepts 3rd
260
_b
Mc Graw Hill
_a
New york
_c
1998
300
_a
819
546
_a
ENGLISH
999
_c
19487
_d
19487